Code de la propriété intellectuelle 2001
Zapisane w:
| 1. autor: | |
|---|---|
| Format: | Książka |
| Język: | Undetermined |
| Wydane: |
Paris
Litec
2001
|
| Hasła przedmiotowe: | |
| Etykiety: |
Dodaj etykietę
Nie ma etykietki, Dołącz pierwszą etykiete!
|
| Thư viện lưu trữ: | Trung tâm Học liệu Trường Đại học Cần Thơ |
|---|
| LEADER | 00510nam a2200193Ia 4500 | ||
|---|---|---|---|
| 001 | CTU_72991 | ||
| 008 | 210402s9999 xx 000 0 und d | ||
| 082 | |a 346.44048 | ||
| 082 | |b V855 | ||
| 100 | |a Vivant, Michel | ||
| 245 | 0 | |a Code de la propriété intellectuelle 2001 | |
| 245 | 0 | |c Michel Vivant | |
| 260 | |a Paris | ||
| 260 | |b Litec | ||
| 260 | |c 2001 | ||
| 650 | |a Intellectual property,Civil law | ||
| 650 | |z French | ||
| 904 | |i Minh | ||
| 980 | |a Trung tâm Học liệu Trường Đại học Cần Thơ | ||